000 00264nam a22000977a 4500
999 _c521696
_d521696
082 _aTNC A31 H588
100 _aBagchi, K. Asoke
_935862
245 _aHinduja Foundation Encyclopaedia Of Nobel Laureates (1901-2000)
260 _aDelhi
_bKonark
_c2003
300 _a764p.